| 000 | 00534nam a2200193Ia 4500 | ||
|---|---|---|---|
| 003 | IEPS | ||
| 005 | 20250703135242.0 | ||
| 008 | 250223s9999||||xx |||||||||||||| ||und|| | ||
| 040 | _CIEPS | ||
| 041 | _aara | ||
| 082 | _a612.8 | ||
| 100 | _aالدر إبراهيم | ||
| 245 | 0 | _aالأسس البيولوجيا لسلوك الإنسان | |
| 260 |
_aلبنان _bالدار العربية للعلوم _c1999 |
||
| 300 |
_a311 ص. _c24 سم. |
||
| 653 | _aالبيولوجيا | ||
| 653 | _aعلم النفس | ||
| 942 | _cكتاب | ||
| 999 |
_c11267 _d11267 |
||